The complete aquarium encyclopedia of tropical freshwater fish

Bibliographic Details
Main Author: Ramshorst, J. D. van (Author)
Format: Book
Published: Oxford : Phaidon , 1978
Subjects:

MARC

LEADER 00000cam a2200000 7i4500
001 0000029613
005 20220220093000.0
008 021119s1978
090 0 0 |a SF458.2   |b .C65 
245 0 4 |a The complete aquarium encyclopedia of tropical freshwater fish   |c managing editor, J. D. van Ramshorst 
260 2 |a Oxford :   |b Phaidon ,   |c 1978 
300 |a 391 p., ill. ;   |c 28 cm. 
504 |a Includes bibliographical references and index 
650 0 |a Aquarium fishes 
650 0 |a Aquarium fishes   |x Breeding 
650 0 |a Aquariums 
650 0 |a Tropical fish 
700 1 |a Ramshorst, J. D. van ,   |e author 
999 |a 1000052068   |b Book   |c Reference   |e Tembila Campus